Europe harmonises fire safety (Record no. 65564)

MARC details
000 -LEADER
fixed length control field 01164cam a2200241 4500
001 - CONTROL NUMBER
control field ABS63272
008 - FIXED-LENGTH DATA ELEMENTS--GENERAL INFORMATION
fixed length control field 000000n2000 000 0 eng u
035 ## - SYSTEM CONTROL NUMBER
System control number (Sirsi) u109899
100 ## - MAIN ENTRY--PERSONAL NAME
Personal name Keogh, C
245 ## - TITLE STATEMENT
Title Europe harmonises fire safety
260 ## - PUBLICATION, DISTRIBUTION, ETC.
Date of publication, distribution, etc. 2000
490 ## - SERIES STATEMENT
Series statement Architects' Journal
Volume/sequential designation 212(19) 23 November 2000, 45-47(3)
520 ## - SUMMARY, ETC.
Summary, etc. Second in a series of articles that focuses on the Construction Products Directive (CPD) implemented in 1991 to remove trade barriers by harmonising test methods and product specification. This article examines the new European performance standards that are set to standardise fire tests across the EU by removing the variations between different countries' fire testing and specification that can cause major barriers to European commerce. Also looks at how it will change fire testing and specification in the UK
590 ## - LOCAL NOTE (RLIN)
Local note ABS
650 ## - SUBJECT ADDED ENTRY--TOPICAL TERM
Topical term or geographic name entry element MANAGEMENT-HEALTH AND SAFETY-FIRE SAFETY
650 ## - SUBJECT ADDED ENTRY--TOPICAL TERM
Topical term or geographic name entry element DIRECTIVE 89/106/EEC
650 ## - SUBJECT ADDED ENTRY--TOPICAL TERM
Topical term or geographic name entry element FIRE REGULATIONS
650 ## - SUBJECT ADDED ENTRY--TOPICAL TERM
Topical term or geographic name entry element FIRE TESTING
650 ## - SUBJECT ADDED ENTRY--TOPICAL TERM
Topical term or geographic name entry element EUROPEAN UNION
690 ## - LOCAL SUBJECT ADDED ENTRY--TOPICAL TERM (OCLC, RLIN)
Topical term or geographic name as entry element BUILT ENVIRONMENT-BUILDING STANDARDS
700 ## - ADDED ENTRY--PERSONAL NAME
Personal name Forrest, L W
942 ## - ADDED ENTRY ELEMENTS (KOHA)
Suppress in OPAC 0
Holdings
Withdrawn status Lost status Source of classification or shelving scheme Damaged status Not for loan Home library Current library Shelving location Date acquired Total Checkouts Full call number Barcode Date last seen Copy number Price effective from Koha item type
    Dewey Decimal Classification     London London Journal article 12/12/2000   ABS63272 109899-1001 06/08/2019 1 06/08/2019 Journal article